000 00997nas a2200325 4500
001 BR2015004545
003 BR-BrBNA
005 20231205125624.0
007 ta
008 230509b bl.|||p| |||| 00| 00por d
040 _aBR-BrBNA
_bpor
_cBiblioteca Nacional de Agricultura
041 _a(Pt)
072 _aQ04
100 1 _aRamalho, H.M.M.
100 1 _aSilva, K.H.D. da
100 1 _aMedeiros, V.P.Q. de
100 1 _aSantos, V.V.A. dos
100 1 _aRibeiro, J.K.G.
100 1 _aDimenstein, R.
245 1 _aConcentração de retinol em ovos de codorna e de galinha e sua relação com a recomendação nutricional para vitamina A
650 _aOVO
650 _aCODORNA
650 _aGALINHA
650 _aGEMA
650 _aVITAMINA A
650 _aANÁLISE ESTÁTISTICA
773 0 _tRevista do Instituto Adolfo Lutz (Brazil)
_xISSN 0073-9855
_g(Jul-Sep 2012), v. 71(3) p. 495-499
_wBR2015004545
909 _a202311
_bLúcia
_c55
_dLúcia Elande
942 _2AGRIS
_n0
_cANA
999 _c245236
_d245236